An introduction to nonassociative algebras
Αποθηκεύτηκε σε:
| Κύριος συγγραφέας: | |
|---|---|
| Μορφή: | Βιβλίο |
| Γλώσσα: | English |
| Δημοσίευση: |
New York :
Dover Publications,
1995
|
| Θέματα: | |
| Ετικέτες: |
Προσθήκη ετικέτας
Δεν υπάρχουν, Καταχωρήστε ετικέτα πρώτοι!
|
MARC
| LEADER | 00000nam a2200000 i 4500 | ||
|---|---|---|---|
| 001 | 1/25596 | ||
| 008 | 130207s1995 eng d | ||
| 020 | |a 0-486-68813-5 | ||
| 035 | |l 10113673 | ||
| 040 | |a GR-MY-UA |b gre |e aacr | ||
| 041 | 0 | |a eng | |
| 082 | 0 | |a 512.48 |2 (22) | |
| 100 | 1 | |a Schafer, Richard D. |q (Richard Donald) |d 1918- | |
| 245 | 1 | 3 | |a An introduction to nonassociative algebras / |c Richard D. Schafer |
| 260 | |a New York : |b Dover Publications, |c 1995 | ||
| 300 | |a x, 160 σ.; |c 22 εκ. | ||
| 504 | |a Βιβλιογραφία: σ.149-160. Ευρετήριο | ||
| 650 | 0 | 0 | |a Nonassociative algebras. |
| 852 | |a INST |b SAMOS |e 20130207 |h 512.48 SCH |p 005300033494 |q 005300033494 |t BK |y 0 | ||
| 901 | |a BIBL3-2013-1 | ||
| 909 | |a Σ |b 177882 | ||
| 922 | |a 3ΕΛΗ |b 201210 |c ΤΜΗΜΑ ΜΑΘΗΜΑΤΙΚΩΝ |d BEST BOOK HUNTERS | ||
| 970 | |a ΚΟΣΙΕΡΗΣ |b ΧΡΗΣΤΟΣ |z 2013/02/07 | ||